| 000 | 00546nam a2200217Ia 4500 | ||
|---|---|---|---|
| 003 | GCL | ||
| 008 | 140319s9999 xx 000 0 eng d | ||
| 040 |
_aGCL / _cGCL |
||
| 082 | 0 | 4 |
_a745.54 _bA A |
| 100 | 1 | _aELLIOT MARION | |
| 245 | 1 | 0 |
_aPAPERCRAFTS: 100 FANTASTIC PAPER PROJECT / _cELLIOT MARION |
| 700 | 1 | _aACART, ANGELA | |
| 700 | 1 | _aJACKSON, PAUL | |
| 260 |
_a[S.N] : _bLORENZ BOOKS ، _c1995 |
||
| 300 | _a128 P | ||
| 650 | 0 | 4 | _aHANDCRAFT |
| 650 | 0 | 4 | _aPAPER CRAFT |
| 650 | 0 | 4 | _aARTS |
| 650 | 0 | 4 | _aPAPER PROJECTS |
| 942 |
_2ddc _cBK |
||
| 999 |
_c14689 _d14689 |
||